Tous les noms de pays finissant par "e" - Statistiques

Statistiques générales
  • Ce quiz a été pris 1 218 fois
    1 136 depuis la dernière actualisation
  • Le résultat moyen est 64 sur 86
Statistiques - réponses
Pays % Correct
France
98%
Espagne
95%
Russie
95%
Allemagne
93%
Chine
93%
Algérie
92%
Australie
90%
Belgique
89%
Finlande
89%
Italie
89%
Suède
89%
Argentine
88%
Albanie
87%
Irlande
87%
Norvège
86%
Inde
85%
Suisse
85%
Islande
84%
Lettonie
84%
Lituanie
84%
Mexique
84%
Andorre
83%
Egypte
83%
Estonie
83%
Hongrie
83%
Tunisie
83%
Autriche
82%
Grèce
82%
Slovénie
82%
Croatie
81%
Roumanie
81%
Slovaquie
81%
Turquie
81%
Colombie
80%
Arménie
79%
Biélorussie
79%
Bulgarie
79%
Indonésie
79%
Pologne
79%
Nouvelle-Zélande
78%
Ukraine
77%
Libye
76%
Arabie Saoudite
75%
Guinée
75%
Serbie
75%
Zambie
75%
Bolivie
74%
République Tchèque
73%
Zimbabwe
73%
Ethiopie
72%
Thaïlande
72%
Bosnie-Herzégovine
70%
Géorgie
70%
Malte
70%
Moldavie
70%
Somalie
70%
Jordanie
69%
Mauritanie
69%
Mongolie
69%
Tanzanie
69%
Chypre
68%
Erythrée
67%
Namibie
67%
Syrie
67%
Birmanie
66%
Jamaïque
66%
Malaisie
65%
Guinée Equatoriale
64%
Belize
63%
Cambodge
62%
Gambie
61%
Mozambique
61%
Suriname
61%
République Centrafricaine
60%
Côte d'Ivoire
59%
Dominique
59%
Maurice
59%
République Dominicaine
59%
Macédoine
57%
Sainte-Lucie
57%
Papouasie-Nouvelle-Guinée
56%
Barbade
51%
Grenade
51%
Micronésie
51%
Sierra Leone
46%
Sao Tomé Et Principe
42%
Aucun quiz correspondant
Distribution des résultats
% des personnes avec chaque résultat
Percentile par nombre de réponses
Votre historique - résultats
Vous n’avez pas pris ce quiz depuis la dernière actualisation